[Event "4Springare Autumn-IM 2019"]
[Site "Stockholm"]
[Date "2019.10.22"]
[Round "4.3"]
[White "Poley, Vladimir"]
[Black "Krzywda, Andrzej"]
[Result "1-0"]
[WhiteElo "2298"]
[BlackElo "2175"]
[Annotator "TA"]
[PlyCount "101"]
[EventDate "2019.10.19"]
[EventType "tourn"]
[EventRounds "9"]
[EventCountry "SWE"]
[SourceTitle "playchess.com"]
[Source "ChessBase"]
[SourceQuality "1"]

{[%evp 9,129,12,5,7,12,12,12,14,15,11,10,7,8,6,11,6,6,15,0,0,0,0,0,-51,0,-48,-58,-56,127,126,396,395,388,383,650,277,378,362,627,516,508,382,702,718,696,677,1029,1017,1056,1049,1035,987,1190,1026,1016,983,1077,1077,2113,677,696,686,613,575,1550,1527,1455,1388,1298,1272,1122,831,1077,680,637,643,619,641,626,630,614,627,614,583,607,570,667,667,981,981,985,991,960,945,816,741,813,861,1114,1088,2205,2090,1593,1489,4590,4622,2720,2606,1902,1835,29975,11790,29981,29982,29985,29986,29986,29987,29987,29988,29988,29987]} 1. Nf3 Nf6 2. b3 e6 3. Bb2 d5 4. e3 Bd6 5. c4 O-O 6. Nc3 {A13: English Opening: 1...e6} (6. Be2 Nbd7 7. O-O b6 8. cxd5 exd5 9. Re1 Bb7 10. Bf1 Re8 11. g3 a6 12. Nc3 Ne5 13. Nxe5 Bxe5 14. Bg2 {½-½ (32) Lupulescu,C (2649)-Saric,I (2681) Patras 2019}) 6... b6 7. cxd5 exd5 8. Nb5 {The position is equal.} Be7 9. Be5 Na6 $146 ({Predecessor:} 9... Ne8 10. Qc2 Na6 11. a3 c5 12. d4 Bb7 13. Bd3 g6 14. h4 Bf6 15. h5 Kg7 16. hxg6 hxg6 17. Bxg6 fxg6 18. Ng5 {1-0 (18) Santos Ruiz,M (2523)-Raja,R (2415) Sitges 2018}) 10. Qc2 {[%cal Rb5c7]} c5 11. a3 $1 Bb7 12. Be2 Qd7 13. O-O Rfc8 14. Ng5 $36 {[%mdl 2048] Black is under pressure.} h6 15. Bxf6 Bxf6 16. Qh7+ Kf8 17. Nh3 Bxa1 18. Rxa1 d4 $2 (18... Qe6 $15 {keeps the upper hand.}) 19. Nf4 $16 {aiming for Re1.} d3 $2 {[%mdl 8192]} (19... Nc7 $16) 20. Qh8+ $18 Ke7 21. Qxg7 {Ng6+ would kill now.} Rc6 $2 (21... Qf5) 22. Bxd3 (22. Bg4 $142 Qd8 23. e4) 22... Re8 23. Nxa7 Nc7 $2 (23... Rd6 24. Bb5 {[%mdl 64] Skewer} Qf5) 24. Nxc6+ Qxc6 25. Bc4 Kd8 $2 (25... Qf6 26. Qxf6+ Kxf6) 26. Bxf7 Re7 27. Qg8+ Kd7 {Black hopes to continue with ...Qf6.} 28. d4 cxd4 29. Rd1 Nb5 30. a4 Qc2 31. Qg4+ Kc7 32. Bg6 Qxb3 33. axb5 dxe3 34. Rc1+ Kb8 35. Nd3 exf2+ 36. Nxf2 {White threatens Qf4+ and mate.} Qb2 37. Nd3 Qa2 38. Qg3+ Ka7 39. Nb4 Qb2 40. Rb1 Qd4+ 41. Qf2 Qxf2+ 42. Kxf2 Rg7 43. Be8 Rxg2+ 44. Ke3 Kb8 45. h4 Rg4 {intending ...Re4+.} 46. Nc6+ Kc7 47. h5 Rg5 48. Kf4 Rg8 49. Bg6 Kd6 50. Rd1+ Kc5 {[#]} 51. Bf7 {Played: Rd1-d5} 1-0

[Event "4Springare Autumn-IM 2019"]
[Site "Stockholm"]
[Date "2019.10.22"]
[Round "4.4"]
[White "Papunidi, Matvey"]
[Black "Peng, Li Min"]
[Result "0-1"]
[WhiteElo "2083"]
[BlackElo "2454"]
[Annotator "TA"]
[PlyCount "48"]
[EventDate "2019.10.19"]
[EventType "tourn"]
[EventRounds "9"]
[EventCountry "SWE"]
[SourceTitle "playchess.com"]
[Source "ChessBase"]
[SourceQuality "1"]

{[%evp 17,56,41,39,34,62,25,34,25,36,11,25,10,10,1,11,11,17,-10,-16,-73,-81,-83,-2,-36,-31,-37,12,0,0,0,0,-6,-14,-18,-8,-636,-648,-5597,-2199,-5521,-3485]} 1. c4 g6 2. Nc3 Bg7 3. g3 f5 4. Bg2 Nf6 5. Nf3 O-O 6. O-O d6 7. d4 Qe8 8. d5 a5 9. Be3 Na6 10. Qd2 {A87: Dutch Defence: Leningrad System: 5 Nf3} (10. Rc1 Bd7 11. h3 c6 12. Nd4 Nc5 13. Qc2 cxd5 14. cxd5 Rc8 15. Qb1 Qf7 16. Rfd1 Nce4 17. Nxe4 Nxe4 18. Bxe4 fxe4 19. Qxe4 Bxh3 {1-0 (33) Alekseev,E (2639)-Vlassov,N (2401) St Petersburg 2018}) 10... c6 11. Bh6 Bxh6 $146 ({Predecessor:} 11... Bd7 12. Bxg7 Kxg7 13. e4 fxe4 14. Ng5 Nc5 15. Ngxe4 Nfxe4 16. Nxe4 Nxe4 17. Bxe4 Bh3 18. Rfe1 c5 19. Re3 Qd7 20. Rae1 Rf7 {1-0 (29) Rosmuller,A (2142)-Pruijssers,R (2507) Utrecht 2015}) 12. Qxh6 {White is slightly better.} e5 13. dxe6 Bxe6 14. b3 Nc5 15. Rad1 Rd8 16. Rd4 Qe7 17. Rfd1 Nce4 18. Nxe4 (18. Qc1 $1 $11) 18... fxe4 $17 19. Ng5 Bf5 ({Black should try} 19... Ng4 $17 20. Qh4 Nxf2) 20. Qh4 {[%cal Rg5e4]} c5 21. R4d2 Rd7 {[#] Threatens to win with ...e3.} 22. h3 e3 23. fxe3 Qxe3+ 24. Kh2 $1 Kg7 {Played: h7-h6} 0-1

[Event "4Springare Autumn-IM 2019"]
[Site "Stockholm"]
[Date "2019.10.22"]
[Round "4.5"]
[White "Mattsson, Michael"]
[Black "Mirzoev, Emil"]
[Result "0-1"]
[WhiteElo "2035"]
[BlackElo "2455"]
[Annotator "TA"]
[PlyCount "48"]
[EventDate "2019.10.19"]
[EventType "tourn"]
[EventRounds "9"]
[EventCountry "SWE"]
[SourceTitle "playchess.com"]
[Source "ChessBase"]
[SourceQuality "1"]

{[%evp 9,48,11,54,30,61,-55,-49,-89,-90,-117,-110,-145,-138,-139,-128,-327,-186,-165,-162,-219,-216,-223,-225,-227,-224,-278,-260,-283,-287,-313,-280,-310,-308,-368,-366,-457,-462,-456,-451,-475,-416]} 1. e4 Nf6 2. e5 Nd5 3. d4 d6 4. Bc4 Nb6 5. Bb3 d5 6. Nf3 {B03: Alekhine's Defence: Four Pawns Attack} Bf5 7. e6 $146 ({White should play} 7. Nh4 $14 Bd7 8. a4) ({Predecessor:} 7. O-O e6 8. Bg5 Be7 9. Bxe7 Qxe7 10. c3 O-O 11. Bc2 Bxc2 12. Qxc2 N8d7 13. Nbd2 c5 {1-0 (67) Kyc,J (2279)-Bartel,M (2593) Chorzow 2019}) 7... Bxe6 $15 8. Ng5 {Black is slightly better.} Bf5 9. Qf3 Bg6 10. Nc3 {[%cal Rc3d5]} e6 11. O-O Nc6 12. Re1 $2 (12. Rd1 $17) 12... Be7 (12... Nxd4 $142 13. Qd1 c5) 13. Qg4 $19 Bf5 14. Qh5 (14. Qf4 {is a better defense.}) 14... g6 15. Qh6 {[#]} Bf8 $1 {[%cal Rf8h6]} (15... Nxd4 16. Qg7 $11) 16. Qh4 {[#]} h6 $1 17. g4 Bg7 18. gxf5 {Threatens to win with Nf3.} hxg5 19. Qxg5 Qxg5+ ({Stronger than} 19... Bxd4 20. fxe6 Rh5 21. Qg3 $11) (19... Nxd4 20. Qg2 $17) 20. Bxg5 Nxd4 {White must now prevent ...Nf3+.} 21. Bxd5 gxf5 ({Weaker is} 21... Nxd5 22. Nxd5 Kd7 23. fxe6+ fxe6 24. Nf4 $19) 22. Rac1 Nxd5 {Black is clearly winning.} 23. Nxd5 Nf3+ 24. Kf1 Nxe1 {Accuracy: White = 29%, Black = 64%.} ({Not} 24... Nxg5 25. Nxc7+ Ke7 26. Nxa8 $19) 0-1

[Event "4Springare Autumn-IM 2019"]
[Site "Stockholm"]
[Date "2019.10.22"]
[Round "5.1"]
[White "Mirzoev, Emil"]
[Black "Vainerchuk, Barys"]
[Result "1-0"]
[WhiteElo "2455"]
[BlackElo "2136"]
[Annotator "TA"]
[PlyCount "51"]
[EventDate "2019.10.19"]
[EventType "tourn"]
[EventRounds "9"]
[EventCountry "SWE"]
[SourceTitle "playchess.com"]
[Source "ChessBase"]
[SourceQuality "1"]

{[%evp 23,51,-9,8,-20,52,41,71,67,99,95,92,78,89,107,147,144,209,189,195,186,199,200,227,196,210,132,189,188,469,448]} 1. Nf3 Nf6 2. g3 e6 3. Bg2 Be7 4. O-O O-O 5. d3 d5 6. Nbd2 {[%cal Bb1d2,Bd2f1,Bf1h2,Bh2g4][%mdl 32]} c5 7. e4 Nc6 8. Re1 Qc7 9. Nf1 b6 10. e5 Nd7 11. Bf4 Bb7 12. h4 d4 13. h5 {C00: French: Unusual White 2nd moves} (13. a3 a5 14. N1h2 b5 15. Qe2 a4 16. Nd2 Kh8 17. Nhf3 Nb6 18. Ng5 Bxg5 19. hxg5 Ne7 20. Bxb7 Qxb7 {½-½ (31) Postypalskiy,M (2350)-Domogaev,S (2412) Odoev 2018}) 13... Rad8 $146 ({Black should play} 13... h6 $1 $11) ({Predecessor:} 13... Nb4 14. N1h2 Nd5 15. Bd2 Rfe8 16. Ng4 f6 17. exf6 N7xf6 18. Ng5 Nxg4 19. Nxe6 Qd7 20. Qxg4 Bf6 21. Qh3 Bc8 22. Nf4 Rxe1+ 23. Rxe1 Qd6 24. Re8+ Kf7 25. Rxc8 {1-0 (25) Koh,M (1939)-Greenwood,M (1554) Penang 2016}) 14. N1h2 b5 15. Ng4 {White is better.} Qb6 16. h6 g6 17. Qd2 Rde8 18. Bg5 Bxg5 19. Nxg5 ({Don't play} 19. Qxg5 Qd8 $14) 19... Ne7 (19... Kh8 $16 {was worth a try.} 20. a4 bxa4) 20. Bxb7 $18 Qxb7 21. Ne4 Nf5 22. Qg5 {[#] Black must now prevent Nef6+.} Rd8 23. Ngf6+ Nxf6 24. Nxf6+ Kh8 25. Re4 Qe7 $2 {[#]} (25... Rc8 {keeps fighting.} 26. g4 Ne7) 26. g4 {Accuracy: White = 88%, Black = 13%.} 1-0

[Event "4Springare Autumn-IM 2019"]
[Site "Stockholm"]
[Date "2019.10.22"]
[Round "5.2"]
[White "Peng, Li Min"]
[Black "Mattsson, Michael"]
[Result "1-0"]
[WhiteElo "2454"]
[BlackElo "2035"]
[Annotator "TA"]
[PlyCount "51"]
[EventDate "2019.10.19"]
[EventType "tourn"]
[EventRounds "9"]
[EventCountry "SWE"]
[SourceTitle "playchess.com"]
[Source "ChessBase"]
[SourceQuality "1"]

{[%evp 9,51,-47,-20,-60,0,0,0,-12,33,45,143,114,132,85,83,90,68,31,194,-10,0,-43,-19,-41,214,277,261,156,423,445,435,443,436,441,425,404,397,362,466,410,418,435,412,408]} 1. e4 e5 2. f4 exf4 3. Bc4 Qh4+ 4. Kf1 Nf6 5. Nf3 (5. Nc3 Ng4 6. Nh3 f3 7. d4 fxg2+ 8. Kxg2 Qxh3+ 9. Kxh3 Nf2+ 10. Kg2 Nxd1 11. Nd5 Nxb2 12. Bxb2 Kd8 {½-½ (37) Hector,J (2513)-Urkedal,F (2549) Sweden 2017}) 5... Qh6 $1 6. Nc3 {[#] Hoping for Ne5. C33: King's Gambit Accepted: 3 Nc3 and 3 Bc4} Be7 (6... d6 $15) 7. e5 $1 $11 {[%cal Re5f6]} Nh5 $1 {[%cal Rh5g3]} 8. Rg1 {The position is equal.} O-O 9. d4 $1 g5 ({Black should play} 9... b5 $14 10. Bxb5 (10. Nxb5 Qb6 $16) 10... Qe6) 10. g4 $16 fxg3 11. hxg3 $146 ({Predecessor:} 11. Nd5 Bd8 12. h4 Qc6 {1-0 (22) Maliutin,B-Levitsky,S St Petersburg 1906}) 11... d6 12. Kf2 $36 {[%mdl 2048] White is really pushing.} Be6 13. Bd3 {Black must now prevent g4.} f6 $2 ({Black should try} 13... Bg4 $1 $14) 14. g4 $2 ({White has to play} 14. exd6 $18 Bxd6 15. g4) 14... fxe5 $11 15. gxh5 Nc6 16. Ke1 {[%cal Rf3g5]} Rxf3 $4 {[%mdl 8192]} (16... Qxh5 $15 {keeps the upper hand.} 17. Bxg5 Rxf3 18. Bxe7+ Kf7) 17. Qxf3 $18 Nxd4 18. Qg2 (18. Qxb7 $18 Rf8 19. Rh1 (19. Qxc7 Nf3+ {[%mdl 64] Double Attack} 20. Kd1 Nxg1 $11)) 18... Rf8 $2 (18... Qxh5 $16 19. Rh1 Nf3+ 20. Kd1 Nh4+ 21. Be2 Nxg2 22. Rxh5 (22. Bxh5 Rf8 $11) 22... Bf7) 19. Bxg5 Bxg5 20. Qxg5+ Qxg5 21. Rxg5+ Kh8 {[#] And now ...Nf3+ would win.} 22. Rg2 d5 23. Rf2 Rg8 24. Kd2 e4 25. Nxe4 dxe4 26. Bxe4 {Accuracy: White = 61%, Black = 13%.} 1-0

[Event "4Springare Autumn-IM 2019"]
[Site "Stockholm"]
[Date "2019.10.22"]
[Round "5.3"]
[White "Krzywda, Andrzej"]
[Black "Papunidi, Matvey"]
[Result "1/2-1/2"]
[WhiteElo "2175"]
[BlackElo "2083"]
[Annotator "TA"]
[PlyCount "40"]
[EventDate "2019.10.19"]
[EventType "tourn"]
[EventRounds "9"]
[EventCountry "SWE"]
[SourceTitle "playchess.com"]
[Source "ChessBase"]
[SourceQuality "1"]

{[%evp 12,40,35,12,18,13,22,22,18,24,18,15,38,0,0,0,25,0,0,-31,0,-67,-58,-60,0,0,0,-59,0,0,0]} 1. d4 d5 2. c4 c6 3. cxd5 cxd5 4. Bf4 Nc6 5. e3 Nf6 6. Nc3 a6 7. Be2 Bf5 {D10: Slav Defence: 3 cxd5 (without early Nf3) and 3 Nc3} (7... e6 8. Rc1 Be7 9. h3 O-O 10. Nf3 b5 11. O-O Bb7 12. Bd3 Rc8 13. Qe2 Qa5 14. a3 b4 15. axb4 Nxb4 {1-0 (75) Li,C (2732)-Duda,J (2724) Liaocheng 2018}) 8. g4 Bg6 9. h4 {[#] Strongly threatening h5.} h6 10. Qb3 Na5 11. Qa4+ Nc6 12. Qb3 Na5 13. Qa4+ Nc6 14. Rc1 e6 15. Nf3 $146 ({Predecessor:} 15. Nh3 Be7 16. Bg3 Ne4 17. Nxe4 Bxe4 {1-0 (32) Zimmermann,H (2157)-De Visser,L (2258) Germany 2017}) 15... Nxg4 16. Rg1 ({White should play} 16. h5 $11 Bh7 17. Rg1) 16... h5 17. Qb3 $1 Na5 18. Qa4+ Nc6 19. Qb3 $1 Na5 (19... Ra7 $15) 20. Qa4+ $11 Nc6 {Accuracy: White = 69%, Black = 71%.} 1/2-1/2

[Event "4Springare Autumn-IM 2019"]
[Site "Stockholm"]
[Date "2019.10.22"]
[Round "5.4"]
[White "Kononenko, Dmitry"]
[Black "Poley, Vladimir"]
[Result "1/2-1/2"]
[WhiteElo "2613"]
[BlackElo "2298"]
[Annotator "TA"]
[PlyCount "78"]
[EventDate "2019.10.19"]
[EventType "tourn"]
[EventRounds "9"]
[EventCountry "SWE"]
[SourceTitle "playchess.com"]
[Source "ChessBase"]
[SourceQuality "1"]

{[%evp 15,78,32,25,28,30,21,27,33,35,36,33,-2,-18,-17,-27,-17,23,23,18,18,18,16,21,21,13,18,14,14,18,-11,0,-5,-7,-4,0,0,0,0,0,0,0,0,0,0,0,0,0,0,0,0,0,-5,0,0,-5,-6,-5,-7,0,-8,-8,-8,-8,-8,-8]} 1. e4 c5 2. c3 Nf6 3. e5 Nd5 4. Nf3 Nc6 5. Bc4 Nb6 6. Bb3 c4 7. Bc2 Qc7 8. Qe2 g5 9. h3 {B22: Sicilian: 2 c3} Bg7 {[%cal Rc6e5]} 10. O-O (10. Na3 Nxe5 11. Nxg5 d5 12. Nb5 Qd7 13. f4 Nd3+ 14. Bxd3 cxd3 15. Qxd3 f6 16. Nf3 e5 {1-0 (52) Kovalenko,I (2659)-Salem,A (2638) Biel 2017}) 10... Nxe5 11. Nxg5 {White has an edge.} d5 12. a4 Nbd7 13. b4 Nf8 14. f4 h6 15. Nf3 $1 {[%cal Rf3e5]} Neg6 (15... Nd3 {feels hotter.} 16. Bxd3 cxd3 17. Qxd3 Ne6 18. Qe3 Qxf4 19. d4 Qxe3+ 20. Bxe3 Bd7) 16. d4 cxd3 $1 17. Qxd3 {The position is equal.} ({But not} 17. Bxd3 Nxf4 18. Bb5+ (18. Bxf4 Qxf4 19. Bb5+ Nd7 $17) 18... Kd8 $15) 17... Nxf4 18. Bxf4 Qxf4 19. Qxd5 Ne6 $146 20. Qb5+ Kf8 21. Bb3 {[#]} a5 $1 {[%mdl 512] Threatening ...axb4.} 22. bxa5 Qc7 23. Nd4 $1 {[%cal Rd4e6] Nxe6+ is the strong threat.} Rxa5 24. Qd3 $132 {[%mdl 2048] White has counterplay} Qb6 {[%cal Re6d4]} 25. Qe3 Bxd4 26. cxd4 Qxd4 27. Qxd4 Nxd4 28. Bxf7 Kg7 29. Nc3 Rf8 30. Ba2 Bd7 31. Rad1 Rxf1+ 32. Rxf1 Bxa4 33. Rf7+ Kg6 34. Rxe7 {[#] Hoping for Re4.} Bc6 35. Bb1+ Kf6 36. Rh7 Ra3 37. Rxh6+ Kg5 38. Rg6+ Kh5 39. Rd6 $1 {And now Ne4 would win.} Rxc3 {Accuracy: White = 86%, Black = 95%.} 1/2-1/2

[Event "4Springare Autumn-IM 2019"]
[Site "Stockholm"]
[Date "2019.10.22"]
[Round "5.5"]
[White "Bogdanov, Egor"]
[Black "Roshka, Yevgeniy"]
[Result "0-1"]
[WhiteElo "2409"]
[BlackElo "2369"]
[Annotator "TA"]
[PlyCount "112"]
[EventDate "2019.10.19"]
[EventType "tourn"]
[EventRounds "9"]
[EventCountry "SWE"]
[SourceTitle "playchess.com"]
[Source "ChessBase"]
[SourceQuality "1"]

{[%evp 12,112,52,44,60,45,62,60,60,60,60,60,59,59,63,63,67,56,59,53,67,54,64,54,116,112,101,85,82,29,37,35,61,22,90,96,96,77,93,75,93,66,108,79,173,0,0,0,0,0,0,-111,-4,-19,0,-8,0,0,0,0,0,0,0,0,0,0,0,-8,0,0,0,0,8,8,8,8,8,8,8,-1264,8,-83,0,0,8,8,8,0,0,0,0,-29985,-29986,-29988,-29989,-29989,-29990,-29990,-29991,-29991,-29992,-29992,-8]} 1. d4 c5 2. d5 e5 3. c4 d6 4. Nc3 Be7 5. e4 Bg5 6. Nf3 Bxc1 7. Qxc1 Bg4 {A44: Semi-Benoni} (7... Ne7 8. g3 O-O 9. Bg2 Na6 10. O-O Nc7 11. Ne1 Rb8 12. a4 Na6 13. Nd3 Nb4 14. Nxb4 cxb4 15. Na2 {1-0 (55) Bykova,A (2229)-Mirzoev,E (2493) Pardubice 2019}) 8. Be2 Nf6 9. h3 Bxf3 {White is slightly better.} 10. Bxf3 Na6 $146 ({Predecessor:} 10... O-O 11. Qe3 Ne8 12. g4 a6 13. a4 Nc7 14. O-O g6 15. Kh2 f5 16. gxf5 gxf5 17. exf5 Rxf5 18. Rg1+ Kh8 19. Be4 Rf6 20. Bxh7 {1-0 (20) Spreemann,T-Nonkovic,S Germany 1997}) 11. O-O O-O 12. a3 Qd7 13. Rb1 Rfc8 14. Qg5 h6 15. Qh4 Kh7 16. Bg4 Nxg4 17. hxg4 Nc7 ({Black should try} 17... f6 $14) 18. g5 $16 f6 19. gxf6 (19. gxh6 {is more complex.} Rh8 20. hxg7+ Kxg7 21. Qg3+ Kf7 22. Qf3) 19... g5 20. Qh3 (20. Qh2 $16) 20... Qxh3 $11 21. gxh3 Rf8 22. Ne2 b5 (22... b6 $11) 23. b4 $16 cxb4 24. Rxb4 a5 25. Rb2 bxc4 26. Rc1 Na6 27. Rxc4 {aiming for Rb6.} Nc5 (27... Rxf6 $16 28. Rb6 Kg6) 28. Nc3 $2 (28. Rb6 $18) 28... Rxf6 $11 29. Rb6 Raf8 30. Nd1 R8f7 31. Rb5 {[#]} (31. Ne3 $11 {remains equal.}) 31... a4 (31... Rf4 $1 $17 32. Rxa5 g4 33. Raxc5 dxc5 34. hxg4 Rxg4+ 35. Kf1 h5) 32. Rb6 Kg8 33. Rb8+ Rf8 34. Rxf8+ Rxf8 {[%mdl 4096] Endgame KRN-KRN} 35. Nc3 Rf4 36. Nxa4 Nxe4 37. Nb6 Nxf2 38. Rxf4 Nxh3+ {[%mdl 64] Double Attack} 39. Kf1 $1 exf4 {KN-KN} 40. Nc4 f3 41. Nxd6 g4 42. Ne4 Kf7 43. a4 h5 44. a5 {Strongly threatening a6.} h4 {White must now prevent ...g3.} 45. Nd2 $2 {[%mdl 8192] [#]} (45. Nf2 $11 Nf4 46. Nxg4) 45... Nf4 $2 (45... Ng5 $1 $19 {And now ...g3 would win.} 46. Nxf3 Nxf3) 46. a6 (46. d6 $11) 46... h3 ({Black should play} 46... Nxd5 $17 47. Kf2 Kg6) 47. Kg1 {a7 is the strong threat.} f2+ 48. Kh2 Nxd5 49. Nf1 Kf6 50. Nd2 Kg5 {( -> ...Kh4)} 51. Ne4+ $2 {[%mdl 8192]} (51. Kg3 $11) 51... Kf4 {Black mates.} 52. Nxf2 g3+ {[%mdl 64] Double Attack} 53. Kxh3 gxf2 54. Kg2 Ke3 55. a7 Nc7 56. Kf1 Na8 {[%mdl 32768] Accuracy: White = 53%, Black = 36%. . Loss on time!?} 0-1

[Event "4Springare Autumn-IM 2019"]
[Site "Stockholm"]
[Date "2019.10.23"]
[Round "6.1"]
[White "Vainerchuk, Barys"]
[Black "Roshka, Yevgeniy"]
[Result "0-1"]
[WhiteElo "2136"]
[BlackElo "2369"]
[Annotator "TA"]
[PlyCount "124"]
[EventDate "2019.10.19"]
[EventType "tourn"]
[EventRounds "9"]
[EventCountry "SWE"]
[SourceTitle "playchess.com"]
[Source "ChessBase"]
[SourceQuality "1"]

{[%evp 15,124,37,34,29,22,-18,-18,-10,33,21,11,0,0,-31,-35,-45,0,0,0,0,0,0,8,0,0,0,0,0,0,0,0,0,0,0,0,0,0,-6,0,-44,-8,-12,0,0,0,0,0,0,8,8,8,0,5,0,9,0,0,0,0,0,0,0,0,-8,-8,-8,-8,-8,-8,-15,-11,-33,-40,-67,0,0,0,0,-2,-10,-12,-42,-42,-42,-42,-131,-42,-29941,-146,-146,0,-11924,-9587,-29970,-29971,-29971,-29972,-29972,-29973,-29973,-29974,-29977,-29973,-29973,-29974,-29973,-29973,-29986,-29987,-29988,-29989]} 1. e4 c5 2. Nf3 Nc6 3. d4 cxd4 4. Nxd4 e5 5. Nb5 a6 6. Nd6+ Bxd6 7. Qxd6 Qe7 8. Qxe7+ Ngxe7 9. Nc3 {B32: Sicilian: Löwenthal and Kalashnikov Variations} d5 10. exd5 Nb4 (10... Nd4 11. Bd3 Bf5 12. O-O Bxd3 13. cxd3 Nc2 14. Rb1 Rd8 15. f4 Nxd5 16. fxe5 O-O {½-½ (27) Mastrovasilis,D (2594)-Kriebel,T (2531) Katowice 2019}) 11. Bd3 {The position is equal.} Nxd3+ (11... Bf5 $5 {[%cal Rf5d3]} 12. Ne4 Kd7 $11) 12. cxd3 Bf5 13. O-O O-O-O 14. f4 Bxd3 15. Re1 e4 $146 ({Predecessor:} 15... Nxd5 16. Nxd5 Rxd5 17. fxe5 {½-½ (24) Grahn,V (1898)-Davidov,L (1652) Bratislava 2019}) 16. Nxe4 Bxe4 17. Rxe4 Nxd5 18. Bd2 Rhe8 19. Rae1 Rxe4 20. Rxe4 $11 {[%mdl 4096] Endgame KRB-KRN} b5 21. Kf1 Nf6 22. Re2 Rd4 23. Kf2 Kd7 24. Kf3 Kd6 25. h3 Rd3+ 26. Kf2 Nd5 27. Be3 f5 28. Ba7 Nf6 29. Bb8+ Kd7 30. Be5 Ne4+ 31. Ke1 g5 32. fxg5 Nxg5 33. Bf4 Ne6 34. Bh2 (34. Bd2 {looks sharper.} Rd5 35. Be3 a5 36. Rc2 a4 37. g3) 34... f4 35. Rd2 (35. Re5 {with more complications.} f3 36. g4 Nd4 37. Bg3 Ne2 38. Bh4) 35... Rxd2 36. Kxd2 {KB-KN} Kd6 37. Kd3 Kd5 38. Bg1 Nf8 39. Bf2 Ng6 40. b3 Ne5+ 41. Kd2 Ke4 42. Bc5 Ng6 {Strongly threatening ...Nh4.} 43. Bf2 Ne7 44. a4 Nd5 ({Black should play} 44... Nf5 $15) 45. axb5 axb5 46. Bc5 h5 {...Ne3 is the strong threat.} 47. h4 Nf6 48. Ke2 Ne8 49. Kf2 Ng7 50. Be7 {[#]} (50. Bd6 $15) 50... Nf5 ({Black should try} 50... Kf5 $1 $17 51. g3 fxg3+ 52. Kxg3 Ke4) 51. Bg5 $2 {[%mdl 8192]} (51. Bf6 $15) 51... Ne3 $2 (51... Nd4 {mates} 52. Be7 Nxb3 53. g3 fxg3+ 54. Kxg3 Nd4 55. Kf2 Nf5 56. Bg5 Nd4 57. Be7 Nf5 58. Bg5 Kd3 59. Ke1 Kc2 60. Bd2 Nxh4 61. Ke2 Ng6 62. Bb4 Kb3 63. Be1 h4 64. Bd2 b4 65. Kf2 Kc4 66. Bc1 Ne5 67. Kg2 Kc3 68. Bf4 Nf7 69. Kh3 b3 70. Bc1 Kc2 71. Ba3 Ne5 72. Bf8 b2 73. Kxh4 Ng6+ {[%mdl 64] Double Attack} 74. Kg4 Nxf8 75. Kg5 b1=Q 76. Kf6 Qb5 77. Ke7 Kd3 78. Kf7 Qd7+ 79. Kf6 Ke4 80. Kg5 Qg7+ 81. Kh4 Kf4 82. Kh5 Qh8#) 52. Be7 Nf5 $2 {[%mdl 8192]} (52... Ng4+ $17 53. Ke2 Ne5) 53. Bg5 $19 Nd4 54. b4 Nc6 {Black mates.} 55. g4 fxg3+ 56. Kxg3 Nxb4 57. Kf2 Kd3 58. Be7 Nd5 59. Ba3 b4 60. Bb2 Kc2 61. Bd4 Nc3 62. Bc5 Ne4+ {[%mdl 64] Double Attack. Accuracy: White = 48%, Black = 55%.} 0-1

[Event "4Springare Autumn-IM 2019"]
[Site "Stockholm"]
[Date "2019.10.23"]
[Round "6.2"]
[White "Poley, Vladimir"]
[Black "Bogdanov, Egor"]
[Result "1/2-1/2"]
[WhiteElo "2298"]
[BlackElo "2409"]
[Annotator "TA"]
[PlyCount "60"]
[EventDate "2019.10.19"]
[EventType "tourn"]
[EventRounds "9"]
[EventCountry "SWE"]
[SourceTitle "playchess.com"]
[Source "ChessBase"]
[SourceQuality "1"]

{[%evp 18,60,4,-1,27,27,26,23,29,26,41,40,52,52,42,34,52,52,56,56,57,34,34,34,36,29,31,31,38,0,38,20,22,21,21,20,20,20,73,0,5,5,5,5,5]} 1. d4 d5 2. Nf3 Nf6 3. e3 e6 4. Bd3 c5 5. b3 Nc6 6. Bb2 Be7 7. O-O O-O 8. Nbd2 b6 9. Ne5 Bb7 10. f4 Nxe5 {D05: Colle System with ...e6} (10... Bd6 {with more complications.} 11. c3 Ne7 12. Qe2 Nf5 13. c4 Rc8) (10... Nb4 11. Be2 Ne4 12. Nxe4 dxe4 13. Bc4 Nd5 14. Qe2 f6 15. Ng4 Qc8 16. Rad1 Rd8 17. Kh1 a6 18. dxc5 Qxc5 19. Bd4 {½-½ (44) Bruzon Batista,L (2673)-Quesada Perez,Y (2635) Khanty-Mansiysk 2011}) 11. dxe5 Ne4 12. Nxe4 dxe4 {White has an edge.} 13. Be2 Qxd1 14. Rfxd1 {[#] And now Rd7 would win.} Rfd8 {[#]} 15. Kf2 $146 ({Predecessor:} 15. a4 Rxd1+ 16. Bxd1 Rd8 17. Bc3 f5 18. Be2 a5 19. Be1 Bd5 20. Rb1 {0-1 (40) Slipak,S (2520)-Servat,R (2450) Argentina 1995}) 15... g6 16. a4 Rxd1 17. Rxd1 Rd8 18. Rxd8+ Bxd8 $14 {[%mdl 4096] Endgame KBB-KBB} 19. Bb5 h5 20. g3 Kf8 21. Ba3 a6 22. Bf1 (22. Be2 {is more complex.} Ke8 23. Bb2 Kd7 24. Kg2 Kc6 25. c4) 22... Be7 23. Ke2 Ke8 24. Kd2 Kd7 25. h3 Kc7 26. g4 hxg4 27. hxg4 Bf8 (27... g5 $11) 28. Ke2 ({Better is} 28. g5 $16) 28... Bc6 {The position is equal.} 29. Kf2 b5 30. axb5 axb5 {Accuracy: White = 42%, Black = 38%.} 1/2-1/2